Clubs de La Liga (2022-2023) - Statistiques

Statistiques générales
  • Ce quiz a été pris 299 fois
    37 depuis la dernière actualisation
  • Le résultat moyen est 13 sur 20
Statistiques - réponses
% Correct
La Liga FC Barcelone
100%
La Liga Real Madrid
100%
La Liga Atletico Madrid
89%
La Liga FC Séville
89%
La Liga Valence CF
89%
La Liga Real Betis
78%
La Liga Athletic Club
74%
La Liga Villareal
74%
La Liga Real Sociedad
67%
La Liga Espanyol Barcelone
63%
La Liga Getafe
59%
La Liga Girona
59%
La Liga Cadiz
56%
La Liga RCD Majorque
56%
La Liga Rayo Vallecano
52%
La Liga CA Osasuna
48%
La Liga Celta Vigo
48%
La Liga Elche
41%
La Liga Real Valladolid
37%
La Liga UD Almeria
33%
Aucun quiz correspondant
Distribution des résultats
% des personnes avec chaque résultat
Percentile par nombre de réponses
Votre historique - résultats
Vous n’avez pas pris ce quiz depuis la dernière actualisation